000 00492nab a2200193 a 4500
001 19493
003 52059
005 20201118095838.0
008 ||||||n9999 ||| || ||
100 _aElster, Jon
245 0 _aRacionalidad y normas sociales
300 _app. 3-22
562 _e0
650 _aANTROPOLOGÍA SOCIAL
650 _aCOMPORTAMIENTO SOCIAL
650 _aTEORIA SOCIOLOGICA
773 _019490
_aRevista Colombiana de Sociología - Vol.1 No.1
942 _cSART
999 _c19493
_d19493